| 000 | 00000nam 2200000zi 4500 |
| 001 | 9.933044 |
| 003 | CaOODSP |
| 005 | 20240215113432 |
| 006 | m o d f |
| 007 | cr |n||||||||| |
| 008 | 240129e198805uuabcabd ob f000 0 eng d |
| 040 | |aCaOODSP|beng|erda|cCaOODSP |
| 043 | |an-cn-ab |
| 086 | 1 |aDR52-6/22-1988E-PDF |
| 100 | 1 |aHanna, D. M., |eauthor. |
| 245 | 10|aNATO reference mobility model evaluation of the Iltis 4x4 truck (u) / |cby D.M. Hanna and D.M. Patterson. |
| 246 | 36|aNATO reference mobility model evaluation of the Iltis 4x4 truck |
| 264 | 1|aRalston, Alberta : |bDefence Research Establishment Suffield : |bNational Defence = Défense nationale, |cMay 1988 |
| 300 | |a1 online resource (various pagings) : |billustrations, map, charts |
| 336 | |atext|btxt|2rdacontent |
| 337 | |acomputer|bc|2rdamedia |
| 338 | |aonline resource|bcr|2rdacarrier |
| 490 | 1 |aSuffield memorandum ; |vno. 1227 |
| 500 | |a"ACN 0316X"--title page. |
| 500 | |aDigitized edition from print [produced by Defence Research and Development Canada]. |
| 504 | |aIncludes bibliographical references (page 12). |
| 520 | 3 |a"The Directorate of Land Requirements (DLR), in an effort to assess the usefulness of the NATO Reference Mobility Model (NRMM) in vehicle procurement activities, initiated a study at the Defence Research Establishment Suffield with the following objectives: (1) to determine the difficulty and time required to provide all necessary NRMM input data for a typical wheeled vehicle; (2) to determine the time required to perform an NRMM evaluation; and (3) to establish a wheeled vehicle baseline. The vehicle chosen for this study was the Iltis 4x4 1/4 ton truck. All required vehicle characteristics were obtained within an acceptable time frame with the exception of the pitch-mass-moment of inertia of the sprung mass, which eventually was measured at an American laboratory. The NRMM simulation of the Iltis 4x4 required approximately one month to complete. [...]"--abstract. |
| 650 | 0|aIltis truck. |
| 650 | 0|aVehicles, Military|xSimulation methods. |
| 650 | 0|aArmed Forces|xProcurement. |
| 650 | 6|aIltis (Camion) |
| 650 | 6|aVéhicules militaires|xMéthodes de simulation. |
| 650 | 6|aForces armées|xApprovisionnement. |
| 655 | 7|aTechnical reports|2lcgft |
| 655 | 7|aRapports techniques|2rvmgf |
| 710 | 2 |aDefence Research Establishment Suffield, |eissuing body. |
| 710 | 1 |aCanada. |bDepartment of National Defence, |eissuing body. |
| 830 | #0|aSuffield memorandum ;|vno. 1227.|w(CaOODSP)9.870467 |
| 856 | 40|qPDF|s4.04 MB|uhttps://publications.gc.ca/collections/collection_2024/rddc-drdc/DR52-6-22-1988-eng.pdf |
| 986 | |aDRES-M-1227 |